[Event "10th Mumbai Mayors Cup 2017"]
[Site "Mumbai"]
[Date "2017.06.05"]
[Round "2"]
[White "Nitish Belurkar"]
[Black "Mollah Abdullah, Al Rakib"]
[Result "0-1"]
[WhiteElo "2279"]
[BlackElo "2484"]
[Annotator "TA"]
[PlyCount "58"]
[EventDate "2017.06.04"]
[EventType "swiss"]
[EventCountry "IND"]
[SourceTitle "playchess.com"]
[Source "ChessBase"]
[SourceQuality "1"]

{[%evp 9,58,22,37,18,25,25,31,28,54,20,16,23,35,0,0,-17,-27,-30,-32,-39,-31,-36,-29,-36,-36,-36,-33,-148,-156,-151,-143,-300,-295,-291,-208,-334,-335,-340,-325,-326,-327,-421,-429,-437,-356,-597,-458,-592,-606,-600,-595]} 1. e4 e5 2. Nf3 Nc6 3. Bc4 Nf6 4. O-O Be7 5. d4 d6 6. Nc3 {C55: Two Knights: 4 d3, 4 d4 exd4 5 e5 and Max Lange Attack} (6. d5 $5 {[%cal Rd5c6]} Nb8 7. Nc3 $14) 6... Bg4 (6... O-O 7. h3 a6 8. a4 Nxe4 9. Nxe4 d5 10. Bxd5 Qxd5 11. Nc3 Qd6 12. dxe5 Nxe5 13. Nxe5 Qxe5 14. Re1 Qc5 15. Qf3 Bd6 16. Bf4 Bxf4 17. Qxf4 {1-0 (36) Swiercz,D (2647)-Haznedaroglu,K (2491) Izmir 2016}) 7. dxe5 Nxe5 8. Be2 {White is slightly better.} Bd7 9. Nd4 O-O 10. f4 Ng6 $146 ({Predecessor:} 10... Nc6 11. Be3 Nxd4 12. Bxd4 Be6 13. Bf3 Nd7 14. Nd5 Bxd5 15. exd5 Bf6 16. c3 Re8 17. Bf2 Nb6 18. Qb3 Qd7 19. a4 Qc8 20. a5 {1-0 (61) Kernazhitsky,L (2413)-Kalinkin,B Kiev 2002}) 11. Qd3 Re8 12. Bd2 c5 13. Nf5 Nxe4 14. Qxe4 Bf6 $36 {[%mdl 2048] Black has good play.} 15. Qd3 Bxf5 16. Qxf5 {Black must now prevent Rae1.} Bxc3 $1 17. Bxc3 Rxe2 18. Rad1 {[#]} ({Better is} 18. Qd3 $15 Qe8 19. Rae1 Nxf4 20. Qf3 Rxe1 21. Rxe1) 18... Rxg2+ $1 $17 {[%mdl 512]} 19. Kh1 (19. Kxg2 Nh4+) 19... Qe8 20. Qd5 $2 (20. Qd3 $17 Rg4 21. Qd5) 20... Rxc2 $19 {Threatens to win with ...Qe2.} 21. Rfe1 Qc6 22. Rg1 (22. Qxc6 $142 bxc6 23. Rg1) 22... Qxd5+ 23. Rxd5 Re8 ({But not} 23... Nxf4 24. Bxg7 Re8 25. Be5+ Ng6 26. Bxd6) 24. Rxd6 {intending f5.} f6 25. f5 Nh4 {[#] And now ...Nf3 would win.} 26. Rd7 Nxf5 27. Bd2 $2 (27. Rg2 {was called for.} Rxg2 28. Kxg2) 27... Re7 {Black is clearly winning.} 28. Rd8+ Kf7 29. Bf4 Rxb2 {Precision: White = 21%, Black = 77%.} 0-1

[Event "10th Mumbai Mayors Cup 2017"]
[Site "Mumbai"]
[Date "2017.06.05"]
[Round "2"]
[White "Gaikwad, Siddhant"]
[Black "Deepan Chakkravarthy J"]
[Result "0-1"]
[WhiteElo "2270"]
[BlackElo "2480"]
[Annotator "TA"]
[PlyCount "74"]
[EventDate "2017.06.04"]
[EventType "swiss"]
[EventCountry "IND"]
[SourceTitle "playchess.com"]
[Source "ChessBase"]
[SourceQuality "1"]

{[%evp 18,74,73,51,89,57,100,92,110,70,97,72,77,68,102,94,103,67,81,37,66,64,62,22,26,24,37,22,23,31,38,-47,-16,-8,-20,-156,-160,-185,-169,-303,-302,-285,-287,-262,-208,-236,-206,-208,-199,-731,-734,-29984,-29984,-29987,-29988,-29988,-12839,-29989,-4428]} 1. e4 c5 2. Nf3 e6 3. c3 d5 4. exd5 exd5 5. d4 c4 6. b3 cxb3 7. axb3 Bd6 8. Bd3 Ne7 9. O-O Nbc6 10. Re1 {LiveBook: 5 Games. B22: Sicilian: 2 c3} h6 $146 ({Predecessor:} 10... Bg4 11. Nbd2 Bh5 12. Nf1 f6 13. Ng3 Bxg3 14. hxg3 O-O 15. b4 a6 16. Qb3 Bg6 17. Bf1 Bf7 {½-½ (44) Antonio,R (2574)-Kamsky,G (2695) Khanty-Mansiysk 2009}) 11. Ne5 Nxe5 12. dxe5 {White is better.} Bc5 13. Qf3 Be6 14. Na3 a6 15. Nc2 Nc6 16. Qg3 Kf8 17. Ra4 Rc8 18. Rf4 Be7 19. Bf5 {[#] Strongly threatening Bxe6.} Qd7 $1 20. Bg6 {aiming for Bxf7!} Bg5 21. Rf3 {And now Bxf7! would win.} Kg8 22. Bd3 Bxc1 23. Rxc1 h5 24. Ne3 (24. Qf4 $14) 24... Nd4 {[%cal Bc6d4,Bd4b3,Bb3c5][%mdl 32] ...h4 is the strong threat.} 25. Rf4 Nxb3 26. Re1 (26. Rc2 $11 {keeps the balance.}) 26... Rxc3 $17 27. Nd1 Rc1 28. Bxa6 (28. Rb4 $142 Nc5 29. Bf1) 28... d4 $19 ({Weaker is} 28... bxa6 29. Qxb3 Kh7 30. Qd3+ g6 31. Qxa6 $17) 29. Bd3 Nc5 30. h3 Qd5 31. Bf1 d3 32. Ne3 d2 ({Not} 32... Rxe1 33. Nxd5 Bxd5 34. Rd4 $14) 33. Nxd5 $2 (33. Rd1 Rxd1 34. Nxd1) 33... dxe1=Q 34. Ne7+ Kf8 35. Qg5 Qxf1+ 36. Kh2 Qg1+ 37. Kg3 {[#]} Rc3+ {Precision: White = 23%, Black = 60%.} (37... h4+ $142 $1 38. Qxh4 (38. Rxh4 Ne4+) 38... Rc3+ 39. f3 Qe1+ 40. Kh2 Rxh4 41. Ng6+ Ke8 42. Nxh4 Qxe5 43. Ng6 fxg6 44. Kg3 Ne4+ 45. Kh2 Qxf4+ 46. g3 Qxg3+ 47. Kh1 Nf2#) 0-1

[Event "10th Mumbai Mayors Cup 2017"]
[Site "Mumbai"]
[Date "2017.06.05"]
[Round "2"]
[White "Saurabh Anand"]
[Black "Salonika, Saina"]
[Result "1/2-1/2"]
[WhiteElo "2266"]
[BlackElo "1994"]
[Annotator "TA"]
[PlyCount "52"]
[EventDate "2017.06.04"]
[EventType "swiss"]
[EventCountry "IND"]
[SourceTitle "playchess.com"]
[Source "ChessBase"]
[SourceQuality "1"]

{[%evp 11,52,12,32,32,9,12,29,34,19,29,20,20,33,15,20,10,10,6,19,0,18,20,15,3,42,0,0,-91,-93,-92,-89,-229,-99,-139,-39,-166,-169,-168,-125,-143,-121,-218,-152]} 1. e4 c5 2. Nf3 d6 3. d4 cxd4 4. Nxd4 Nf6 5. Nc3 a6 6. Bg5 Nbd7 7. Qe2 {B94: Sicilian Najdorf: 6 Bg5 Nbd7} (7. Bc4 Qb6 8. Bb3 e6 9. Qd2 Be7 10. O-O-O Nc5 11. Rhe1 h6 12. Bh4 O-O 13. g3 Qc7 14. f4 b5 15. e5 dxe5 16. fxe5 {0-1 (51) Dominguez Perez,L (2739)-Wojtaszek,R (2749) Doha 2016}) 7... h6 8. Bh4 g6 9. f4 {White has an edge.} e5 10. fxe5 dxe5 11. O-O-O Qc7 ({Much weaker is} 11... g5 $6 12. Bf2 $16) 12. Nd5 Nxd5 13. exd5 Bd6 14. Nb3 b5 {[#]} 15. Qd2 $146 b4 16. Kb1 Kf8 17. g4 Kg7 18. Be2 a5 {[%cal Ba6a5,Ba5a4][%mdl 32]} 19. Bb5 (19. Qe3 $1 $11 {remains equal.}) 19... a4 $17 20. Nc1 Nc5 21. Nd3 (21. Rdf1 $17 g5 22. Bxg5) 21... b3 (21... Bxg4 $19 {and Black stays clearly on top.} 22. Rdf1 f5) 22. Bc6 {[#] aiming for Nxc5.} Ra5 (22... Nxd3 $1 $17 {[%mdl 512]} 23. Qxd3 (23. cxd3 Bxg4) 23... Bxg4) 23. Be1 (23. Rdf1 $15 Nxd3 24. Bf6+ (24. cxd3 bxa2+ 25. Kxa2 Kh7 $11) 24... Kg8 25. Qxd3) 23... Bxg4 $19 {...Nxd3 is the strong threat.} 24. Rc1 Nxd3 25. cxd3 bxa2+ 26. Kxa2 (26. Ka1 $17 Ra7 27. Bf2) 26... Rc5 {Precision: White = 28%, Black = 51%.} 1/2-1/2

[Event "10th Mumbai Mayors Cup 2017"]
[Site "Mumbai"]
[Date "2017.06.05"]
[Round "2"]
[White "Sekar, B."]
[Black "Neelotpal, Das"]
[Result "0-1"]
[WhiteElo "2252"]
[BlackElo "2438"]
[Annotator "TA"]
[PlyCount "40"]
[EventDate "2017.06.04"]
[EventType "swiss"]
[EventCountry "IND"]
[SourceTitle "playchess.com"]
[Source "ChessBase"]
[SourceQuality "1"]

{[%evp 18,40,21,26,15,27,56,48,72,44,51,57,70,-17,0,-23,-20,-98,-79,-215,-208,-377,-358,-433,-391]} 1. e4 g6 2. d4 Bg7 3. Nc3 a6 4. h4 (4. a4 d6 5. g3 Nd7 6. Bg2 e5 7. Nge2 exd4 8. Nxd4 Ngf6 9. O-O O-O 10. h3 Re8 11. Re1 Rb8 12. Bf4 {½-½ (35) Vitiugov,N (2726)-Mamedov,R (2688) Doha 2016}) 4... h5 5. Be3 b5 6. Qd2 {B06: Modern Defence} d6 7. Nh3 Nf6 8. f3 Bxh3 9. Rxh3 Nbd7 10. O-O-O {LiveBook: 4 Games} Qc8 11. Kb1 Nb6 12. Bd3 $146 ({Predecessor:} 12. e5 Nfd5 13. Nxd5 Nxd5 {½-½ (43) Gayson,P (2127)-Petran,P (2302) Marianske Lazne 2016}) 12... b4 13. Ne2 c5 14. dxc5 dxc5 15. e5 (15. c3 $14) 15... Nfd5 $11 16. Be4 e6 {Strongly threatening ...Nc4.} 17. Qd3 (17. Bxd5 $11 {remains equal.} Nxd5 18. c4) 17... O-O $17 18. Bc1 {[#]} (18. Bg5 $17) 18... Rd8 $1 $19 ({Don't play} 18... Bxe5 {[#]} 19. Bxg6 $1 {[%mdl 512]} fxg6 20. Qxg6+ Bg7 21. Rg3 $15) 19. Ka1 $2 (19. f4 {was worth a try.}) 19... Qc7 20. Rhh1 Nc3 {Precision: White = 25%, Black = 68%.} 0-1

[Event "10th Mumbai Mayors Cup 2017"]
[Site "Mumbai"]
[Date "2017.06.05"]
[Round "2"]
[White "Nandhidhaa, PV."]
[Black "Khusenkhojaev, Muhammad"]
[Result "*"]
[WhiteElo "2249"]
[BlackElo "2424"]
[Annotator "TA"]
[PlyCount "35"]
[EventDate "2017.06.04"]
[EventType "swiss"]
[EventCountry "IND"]
[SourceTitle "playchess.com"]
[Source "ChessBase"]
[SourceQuality "1"]

{[%evp 17,18,29,39]} 1. b3 Nf6 2. Bb2 g6 3. g3 Bg7 4. Bg2 d5 5. c4 c6 6. Nf3 O-O 7. O-O Nbd7 8. d4 Ne4 9. Nbd2 Ndf6 {Predecessor:} 10. Ne5 $146 Bf5 11. e3 Rc8 12. Qe2 Nxd2 13. Qxd2 Nd7 14. cxd5 cxd5 15. Rfc1 Nxe5 16. dxe5 e6 17. Bd4 Qd7 18. Bb2 {½-½ (29) Bacallao Alonso,Y (2530)-Kunin,V (2579) Havana 2015} *

[Event "10th Mumbai Mayors Cup 2017"]
[Site "Mumbai"]
[Date "2017.06.05"]
[Round "2"]
[White "Nandhidhaa, PV."]
[Black "Khusenkhojaev, Muhammad"]
[Result "0-1"]
[WhiteElo "2249"]
[BlackElo "2424"]
[Annotator "TA"]
[PlyCount "80"]
[EventDate "2017.06.04"]
[EventType "swiss"]
[EventCountry "IND"]
[SourceTitle "playchess.com"]
[Source "ChessBase"]
[SourceQuality "1"]

{[%evp 17,80,38,52,30,44,26,28,23,23,18,24,18,25,26,22,0,0,0,0,-15,0,0,0,0,2,2,2,2,12,3,4,0,0,0,0,-28,-29,-29,-12,-36,-36,-37,-19,-36,-33,-126,-31,-221,-214,-205,-206,-243,-234,-384,-380,-376,-368,-323,-266,-511,-364,-1413,-1372,-5485,-4854]} 1. b3 Nf6 2. Bb2 g6 3. g3 Bg7 4. Bg2 d5 5. c4 c6 6. Nf3 O-O 7. O-O Nbd7 8. d4 Ne4 9. Nbd2 Ndf6 10. e3 {D78: Fianchetto Grünfeld: 6 0-0 c6} a5 11. Nxe4 $146 (11. a4 {seems wilder.} Bg4 12. h3 Nxd2 13. Qxd2 Ne4 14. Qd1) ({Predecessor:} 11. a3 Bf5 12. h3 h5 13. Rc1 a4 14. b4 Bh6 15. Qe2 Qd6 16. Rfe1 g5 17. Ne5 Nxd2 18. Qxd2 {1-0 (38) Polgar,Z (2577)-Lujan,C (2378) Dresden 2006}) 11... Nxe4 12. Nd2 {White has an edge.} Nxd2 13. Qxd2 a4 14. cxd5 cxd5 15. Qb4 e6 16. Rfc1 Re8 17. Bf1 Bf8 (17... a3 $5 18. Bc3 $8 (18. Bxa3 $2 Bf8 $19) 18... Bf8 $11) 18. Qb5 Ra7 19. Bc3 Bd7 20. Qd3 axb3 21. axb3 Rxa1 22. Rxa1 Qb6 23. Ba5 (23. b4 $5) 23... Qd6 24. Bd2 Rc8 25. Rc1 Ra8 26. Qc3 Qb6 27. Bd3 Bd6 28. Kg2 h5 29. h4 Kg7 30. Be2 Ra2 31. Qd3 (31. Bd3 $15) 31... Bb4 (31... Ba3 $1 $17 {[%cal Ra3c1]} 32. Rd1 Bb4 33. Bxb4 Qxb4) 32. Bc3 $2 {[#]} (32. Bxb4 $15 Qxb4 33. Qd1) 32... Bxc3 $1 $19 33. Rxc3 {[#]} Qb4 $1 34. Rc2 {[#]} Bb5 $1 {[%cal Rb5d3][%mdl 512]} 35. Qd1 (35. Qxb5 {was forced.} Qxb5 36. Rxa2 Qxb3 37. Ra5) 35... Rxc2 36. Qxc2 Bxe2 37. Qxe2 Qxb3 38. Qf3 $2 (38. g4 Qc4 39. Qf3) 38... Qd3 39. Kh2 $2 (39. Qf4 Qe4+ 40. Kf1) 39... b5 40. Qf4 Qf5 {Precision: White = 22%, Black = 70%.} 0-1

[Event "10th Mumbai Mayors Cup 2017"]
[Site "Mumbai"]
[Date "2017.06.05"]
[Round "2"]
[White "Wagh Suyog"]
[Black "Manush Shah"]
[Result "1-0"]
[WhiteElo "2215"]
[BlackElo "2056"]
[Annotator "NA RC"]
[PlyCount "85"]
[EventDate "2017.06.04"]
[EventType "swiss"]
[EventCountry "IND"]
[SourceTitle "playchess.com"]
[Source "ChessBase"]
[SourceQuality "1"]
[TimeControl "5400+30"]

1. d4 d5 2. c4 c6 3. Nf3 Nf6 4. e3 e6 5. b3 Nbd7 6. Bb2 Bd6 7. Bd3 O-O 8. O-O b6 9. Qc2 Bb7 10. Nc3 Rc8 11. e4 dxc4 12. bxc4 e5 13. Ne2 Qe7 14. Ng3 g6 15. Rae1 Rfe8 $11 16. dxe5 Nxe5 17. Nxe5 Bxe5 18. f4 Bxb2 19. Qxb2 Rcd8 20. Bb1 Ng4 21. Rf3 Qc5+ 22. Kh1 Qxc4 23. h3 Nh6 24. Qf6 Qd4 25. e5 c5 26. Rfe3 Qb2 27. Rg1 Rd1 28. Be4 Rxg1+ 29. Kxg1 Bxe4 30. Rxe4 Qb1+ 31. Kh2 Nf5 32. Nxf5 gxf5 33. Qg5+ Kf8 34. Re3 Re6 35. Rg3 Rg6 36. Qd8+ Kg7 37. Qf6+ Kg8 38. e6 fxe6 39. Qd8+ Kg7 40. Rd3 Rf6 41. Rd7+ Rf7 42. Qg5+ Kf8 43. Rd8# 1-0

[Event "10th Mumbai Mayors Cup 2017"]
[Site "Mumbai"]
[Date "2017.06.05"]
[Round "2"]
[White "Pranav, Shetty"]
[Black "Iniyan, P."]
[Result "0-1"]
[WhiteElo "2200"]
[BlackElo "2392"]
[Annotator "TA"]
[PlyCount "46"]
[EventDate "2017.06.04"]
[EventType "swiss"]
[EventCountry "IND"]
[SourceTitle "playchess.com"]
[Source "ChessBase"]
[SourceQuality "1"]

{[%evp 12,46,23,17,16,21,28,22,25,30,23,17,22,16,26,18,24,-95,-117,-106,-80,-79,-75,-86,-71,-160,-160,-148,-150,-363,-328,-497,-503,-505,-489,-520,-518]} 1. e4 c5 2. Nf3 d6 3. d4 cxd4 4. Nxd4 Nf6 5. Nc3 a6 6. h3 e5 7. Nde2 {[%cal Bd4e2,Be2g3,Bg3f5][%mdl 32]} h5 {B90: Sicilian Najdorf: Unusual White 6th moves, 6 Be3 Ng4 and 6 Be3 e5} 8. Bg5 (8. g3 Be6 9. Bg2 b5 10. a4 b4 11. Nd5 Nxd5 12. exd5 Bf5 13. c3 bxc3 14. Nxc3 Be7 15. O-O {½-½ (30) Xiong,J (2674)-Robson,R (2668) Saint Louis 2017}) 8... Be7 9. Ng3 h4 {The position is equal.} 10. Nf5 Bxf5 $1 11. exf5 Nbd7 12. Bc4 Rc8 13. Bb3 Rh5 {[#]} 14. Ne4 $146 (14. Qd2 $11 {keeps the balance.}) ({Predecessor:} 14. Qd2 Nc5 15. O-O {½-½ (35) Neagu,L (2546)-Manso Gil,A (2538) ICCF email 2013}) 14... Nxe4 $17 15. Qxh5 {[%csl Gb3][%cal Rh5f7]} Qa5+ 16. c3 Nxg5 17. Qh8+ Nf8 18. Qxg7 {[#]} (18. Rd1 $142) 18... e4 $1 19. Qd4 Qxf5 20. Qa7 $2 (20. O-O-O $17 {was worth a try.}) 20... Nfe6 $19 21. Ba4+ (21. Bxe6 $142 Nxe6 22. O-O) 21... Kf8 {Black is clearly winning.} 22. Bd7 Rd8 23. Qxb7 {[#]} Nf3+ $1 {[%mdl 512] Precision: White = 29%, Black = 97%.} 0-1

[Event "10th Mumbai Mayors Cup 2017"]
[Site "Mumbai"]
[Date "2017.06.05"]
[Round "2"]
[White "Kiran, Manisha Mohanty"]
[Black "Krishna Teja, N."]
[Result "1/2-1/2"]
[WhiteElo "2177"]
[BlackElo "2406"]
[Annotator "TA"]
[PlyCount "44"]
[EventDate "2017.06.04"]
[EventType "swiss"]
[EventCountry "IND"]
[SourceTitle "playchess.com"]
[Source "ChessBase"]
[SourceQuality "1"]

{[%evp 12,44,-6,0,0,0,17,20,18,14,29,8,12,19,17,6,24,-1,31,32,26,27,30,22,35,-13,0,0,45,28,33,33,35,35,31]} 1. e4 c5 2. Nf3 e6 3. c3 d5 4. e5 Nc6 5. d4 Bd7 6. Be2 Nge7 7. Na3 Nf5 {C02: French: Advance Variation} (7... cxd4 8. cxd4 Nf5 9. Nc2 Qb6 10. h4 Nb4 11. Nxb4 Qxb4+ 12. Kf1 Bb5 13. h5 h6 14. g4 Bxe2+ 15. Kxe2 Ne7 16. Qd3 Nc6 17. Bd2 Qb6 {0-1 (32) Movsesian,S (2653)-Wang,H (2717) Huaian 2016}) 8. Nc2 Be7 9. O-O cxd4 {The position is equal.} 10. cxd4 h5 11. b4 a6 12. Rb1 g5 {[%cal Bg7g5,Bg5g4][%mdl 32]} 13. a4 $146 ({Predecessor:} 13. Nfe1 g4 14. Be3 Na7 15. Nd3 Bb5 16. a3 b6 17. Nf4 Rc8 {1-0 (51) Droessler,U (2378)-Michel,J (2230) ICCF email 2000}) 13... g4 14. Nfe1 $1 {[%cal Bf3e1,Be1d3,Bd3c5][%mdl 32]} Qb6 {[%cal Rc6d4]} 15. Be3 Nxb4 16. Nxb4 Bxb4 17. Nd3 a5 18. Nc5 Bc6 19. Nd3 Qd8 20. Nxb4 axb4 21. Rxb4 Nxe3 22. fxe3 Qg5 {Precision: White = 80%, Black = 68%.} 1/2-1/2

[Event "10th Mumbai Mayors Cup 2017"]
[Site "Mumbai"]
[Date "2017.06.05"]
[Round "2"]
[White "Raja Rithvik R"]
[Black "Rathnakaran, K."]
[Result "0-1"]
[WhiteElo "2155"]
[BlackElo "2378"]
[Annotator "TA"]
[PlyCount "70"]
[EventDate "2017.06.04"]
[EventType "swiss"]
[EventCountry "IND"]
[SourceTitle "playchess.com"]
[Source "ChessBase"]
[SourceQuality "1"]

{[%evp 17,70,27,34,17,33,29,31,13,17,20,31,24,26,14,23,10,30,10,23,0,-7,-8,-21,-15,0,-15,0,-20,-18,-18,-12,-15,0,0,-5,-66,-50,-34,-15,-25,0,-142,-142,-139,-141,-371,-374,-579,-579,-1094,-1078,-3330,-2931,-29986,-29987]} 1. Nf3 Nf6 2. c4 g6 3. g3 Bg7 4. Bg2 O-O 5. d4 d6 6. Nc3 Nc6 7. O-O a6 8. Qd3 Nd7 9. Be3 Rb8 {LiveBook: 9 Games} 10. Qd2 {E63: King's Indian: Fianchetto: Panno Variation with 7...a6} b5 11. cxb5 axb5 12. Bh6 {White is slightly better.} (12. Rac1 b4 13. Nd5 Bb7 14. Bg5 Re8 15. Rfd1 Ba8 16. b3 Rb5 17. e4 Qb8 {0-1 (35) Mareco,S (2583)-Flores,D (2602) Buenos Aires 2011}) 12... b4 13. Bxg7 Kxg7 14. Nd5 e6 15. Ne3 Nf6 16. Rfc1 Ne7 17. Qc2 $146 ({Predecessor:} 17. Rc4 Ba6 18. Rxb4 Rxb4 19. Qxb4 Bxe2 {0-1 (67) Buettiker,S-Terreaux,G (2265) ICCF email 2011}) 17... Ba6 18. Qxc7 Bxe2 19. Nd2 {[%cal Bf3d2,Bd2b3,Bb3a5][%mdl 32]} Nf5 20. Nxf5+ gxf5 21. Nb3 Bb5 22. Na5 Qxc7 23. Rxc7 d5 24. Nb3 Rfc8 25. Rxc8 Rxc8 26. a4 (26. Rc1 $11 Ra8 27. Rc5) 26... bxa3 $1 $15 27. bxa3 Rc3 28. Nc5 Ne4 29. Bxe4 (29. Nxe4 $11 {remains equal.} fxe4 30. a4) 29... fxe4 $11 {[%mdl 4096] Endgame KRB-KRN} ({Not} 29... dxe4 30. a4 $11) 30. a4 {[#]} Bc6 $1 31. Rb1 $2 {[#]} (31. a5 $17 {keeps fighting.}) 31... e5 $1 $19 {[%cal Be6e5,Be5d4,Bd4d3][%mdl 544]} 32. Rb6 (32. a5 $142 exd4 33. Nb3) (32. dxe5 Rxc5) 32... exd4 33. Nb3 d3 34. a5 {[#]} d4 $1 {[%mdl 512]} 35. a6 (35. Nxd4 d2) 35... e3 {Precision: White = 33%, Black = 81%.} 0-1

[Event "10th Mumbai Mayors Cup 2017"]
[Site "Mumbai"]
[Date "2017.06.05"]
[Round "2"]
[White "Chitlange Sakshi"]
[Black "Navalgund, Niranjan"]
[Result "1/2-1/2"]
[WhiteElo "2096"]
[BlackElo "2351"]
[Annotator "TA"]
[PlyCount "62"]
[EventDate "2017.06.04"]
[EventType "swiss"]
[EventCountry "IND"]
[SourceTitle "playchess.com"]
[Source "ChessBase"]
[SourceQuality "1"]

{[%evp 9,62,15,15,17,14,-12,0,-8,0,-8,0,2,4,-16,-13,-6,20,8,41,42,42,17,45,41,45,46,44,30,50,32,44,13,66,65,64,43,69,15,13,14,16,16,17,17,17,11,30,18,32,32,32,32,37,7,16]} 1. d4 Nf6 2. Nf3 e6 3. c4 d5 4. Qc2 Bb4+ 5. Nbd2 O-O 6. a3 {E11: Bogo-Indian} Be7 7. g3 (7. e4 c5 8. dxc5 dxe4 9. Nxe4 Nxe4 10. Qxe4 Nc6 11. b4 f5 12. Qb1 e5 13. Bb2 Bf6 14. Qd1 Qe7 15. Qb3 a5 {1-0 (36) Navara,D (2710)-Hracek,Z (2615) Prague 2012}) 7... b6 8. Bg2 Bb7 9. O-O c5 10. cxd5 exd5 11. dxc5 bxc5 12. b3 $146 ({Predecessor:} 12. Rd1 Nbd7 13. e4 Qc7 14. exd5 Bxd5 15. Nc4 Qb7 16. Nh4 Bxg2 17. Nxg2 Rfe8 18. Bf4 Bf8 {½-½ (41) Sorokin,A (2344)-Gasanov,E (2488) Moscow 2016}) 12... Na6 13. Bb2 Re8 14. Rfe1 Qb6 15. Ne5 (15. Ng5 $5 {[%cal Rb2f6]}) 15... Bf8 16. e4 {Strongly threatening exd5.} Nc7 17. exd5 Bxd5 18. Bxd5 Ncxd5 19. Ndc4 Qb7 20. Red1 Qc8 (20... Nb6 $11) 21. Rd3 $14 Qf5 22. Qd1 Nb6 23. Qf3 (23. Ne3 $14 Qe6 24. a4) 23... Qxf3 $11 24. Rxf3 Nxc4 25. Nxc4 Nd5 26. Rd3 $36 {[%mdl 2048] White has the initiative.} Nb6 27. Ne3 Rab8 (27... Red8 $5 {[%cal Rd8d3]} 28. Rdd1 c4 $14) 28. a4 c4 29. bxc4 Bc5 30. Bd4 Rbd8 31. Rad1 (31. Nd5 $5 {[%cal Rd4c5]} Bxd4 32. Rxd4 $16) 31... Nxa4 {Precision: White = 60%, Black = 56%.} 1/2-1/2

[Event "10th Mumbai Mayors Cup 2017"]
[Site "Mumbai"]
[Date "2017.06.05"]
[Round "2"]
[White "Nayak Rajesh"]
[Black "Raahul V S"]
[Result "0-1"]
[WhiteElo "2092"]
[BlackElo "2282"]
[Annotator "TA"]
[PlyCount "78"]
[EventDate "2017.06.04"]
[EventType "swiss"]
[EventCountry "IND"]
[SourceTitle "playchess.com"]
[Source "ChessBase"]
[SourceQuality "1"]

{[%evp 25,78,30,26,0,14,0,17,0,1,-39,-39,-154,-138,-139,-143,-164,-99,-95,-96,-94,-93,-106,-116,-134,-134,-227,-241,-210,-109,-150,-157,-168,-164,-156,-117,-110,-111,-270,-227,-214,-244,-494,-111,-100,-98,-755,-769,-754,-752,-29990,-571,-29991,-29992,-29992,-29993]} 1. e4 e6 2. d4 d5 3. Nd2 Nf6 4. Bd3 c5 5. c3 Nc6 6. e5 Nd7 7. Ne2 cxd4 8. cxd4 f6 9. exf6 Nxf6 10. O-O Bd6 11. Nf3 Qc7 12. Bg5 O-O 13. Bh4 Nh5 {[%cal Bf6h5,Bh5f4,Bf4h3][%mdl 32]} 14. Rc1 {C06: French Tarrasch: 3...Nf6 4 e5 Nfd7 5 Bd3 main lines} (14. Qc2 h6 15. Bh7+ Kh8 16. Bg6 Nf4 17. Nxf4 Rxf4 18. Bg3 Rxf3 19. gxf3 Qe7 20. Rad1 Bd7 21. Qc3 Rf8 22. Bb1 Kg8 {1-0 (41) Artemiev,V (2653)-Onischuk,V (2615) Martuni 2016}) 14... g6 (14... Rxf3 $5 15. gxf3 Bxh2+ 16. Kg2 Bf4 $11) 15. Re1 Qg7 16. Bb1 {The position is equal.} Bd7 17. Ng3 $146 {And now Nxh5 would win.} ({Predecessor:} 17. Bg3 Nxg3 18. hxg3 b5 19. Nc3 a6 20. a4 bxa4 21. Nxa4 Rab8 22. Rxe6 Bxe6 23. Rxc6 {½-½ (39) Rjabzev,K (2315)-Eraschenkov,D (2400) Essentuki 2003}) 17... Nf4 18. Ne2 {[#]} (18. Bg5 $15) 18... Nh3+ $1 $17 {[%mdl 512]} 19. gxh3 {aiming for Kg2.} Rxf3 20. Rc3 Raf8 (20... Rf7 $19 21. a3 Raf8) 21. Rxf3 Rxf3 22. Bg3 Bb4 {[%cal Bd6b4,Bb4a5,Ba5b6][%mdl 32]} 23. Rf1 Ba5 24. Kg2 Rf7 25. Qd3 (25. f4 $17 {was worth a try.}) 25... Bb6 $19 26. Rd1 g5 ({Black should try} 26... e5 $1 $19 {[%cal Rc6d4]} 27. dxe5 Nxe5) 27. a3 Qf6 28. Qc3 h5 ({Resist} 28... e5 29. dxe5 Qe6 30. Ng1 $15) 29. f3 e5 30. dxe5 Qe6 31. Qd3 $2 (31. Qd2 $17 Qxh3+ 32. Kh1) 31... Nxe5 32. Bxe5 Qxe5 33. Ba2 $2 (33. Ng3 {keeps fighting.} h4 34. Ba2 hxg3 35. Bxd5) 33... Bxh3+ $2 (33... Bf5 $19 {is more deadly.} 34. Qd2 Be4 $1 {[%mdl 512]}) 34. Kh1 $17 Be6 $40 {[%mdl 128] White must now prevent ...Kg7. Black wants a kill.} ({Much worse is} 34... Bc7 $6 35. f4 $11) 35. Bxd5 $2 {[%mdl 8192]} (35. Nc3 $17) 35... Bxd5 $19 36. Qxd5 Qxe2 37. Qxg5+ Kf8 (37... Rg7 $142 38. Qd5+ Kh8 39. Qxh5+ Rh7 40. Qxh7+ Kxh7 41. Rd7+ Kg8 42. h4 Qf2 43. Rd1 Qg3 44. Rd8+ Bxd8 45. b3 Bb6 46. h5 Qh3#) 38. Qh6+ {[#]} Ke8 $1 {[%cal Re2f3]} 39. Qh8+ Ke7 {Precision: White = 28%, Black = 46%.} 0-1